[Event "BL 8889 Bayern-Bielefeld"]
[Site "?"]
[Date "1989.??.??"]
[Round "?.7"]
[White "Beilfuss, W."]
[Black "Stangl, M."]
[Result "1/2-1/2"]
[WhiteElo "2255"]
[BlackElo "2360"]
[PlyCount "122"]
[EventDate "1989.??.??"]

1. Nf3 g6 2. e4 Bg7 3. d4 d6 4. Nc3 Nf6 5. Be2 O-O 6. O-O c6 7. h3 Qc7 8. a4 e5
9. dxe5 dxe5 10. Be3 Nh5 11. Bc4 Nf4 12. Nb1 Nd7 13. Nbd2 h6 14. Re1 Rd8 15. c3
Nb6 16. Bf1 Be6 17. Qc2 a5 18. Kh2 Nh5 19. b4 Nd7 20. Nc4 axb4 21. cxb4 Nhf6
22. Nfd2 Rdc8 23. a5 Nd5 24. Bc5 Nxc5 25. bxc5 Rd8 26. exd5 cxd5 27. Nb6 e4+
28. Kg1 Bxa1 29. Rxa1 Rab8 30. Rd1 Qe5 31. Kh1 Bf5 32. g4 Be6 33. Bg2 Kh7 34.
Nb3 d4 35. Nc4 d3 36. Qc1 Qd5 37. Ncd2 f5 38. Re1 Qe5 39. gxf5 gxf5 40. Nxe4
fxe4 41. Bxe4+ Kg7 42. Bg2 Qf6 43. Nd2 Bd5 44. Rg1 Kf8 45. Qa3 Qf5 46. f3 Kf7
47. Ne4 Bxe4 48. fxe4 Qe5 49. Qb3+ Kg7 50. Bf1+ Kh8 51. Bxd3 Rg8 52. Qd1 Rbd8
53. Rxg8+ Rxg8 54. Qf3 Qg7 55. Qf2 Ra8 56. c6 bxc6 57. a6 Rf8 58. Qe3 Rg8 59.
Bf1 Rf8 60. Bg2 Qa1+ 61. Kh2 Qe5+ 1/2-1/2

[Event "BL 8889 Solingen-Bayern"]
[Site "?"]
[Date "1989.??.??"]
[Round "?.4"]
[White "Lau, R."]
[Black "Hertneck, G."]
[Result "0-1"]
[WhiteElo "2495"]
[BlackElo "2435"]
[PlyCount "122"]
[EventDate "1989.??.??"]

1. e4 e6 2. d3 d5 3. Nd2 Nf6 4. Ngf3 b6 5. c3 c5 6. Be2 Be7 7. O-O O-O 8. Re1
Nc6 9. e5 Nd7 10. d4 cxd4 11. cxd4 a5 12. Nb1 Ba6 13. Bxa6 Rxa6 14. a4 Ra8 15.
Nc3 Re8 16. Bf4 Nf8 17. g3 Qd7 18. h4 Na7 19. Qe2 Reb8 20. Rec1 b5 21. axb5
Nxb5 22. Na4 Na3 23. Qd1 Nc4 24. b3 Nb6 25. Nc5 Qb5 26. Bg5 Nc8 27. Bxe7 Nxe7
28. Rc3 Nd7 29. Nxd7 Qxd7 30. Rc5 Qd8 31. Qc2 h6 32. Qc3 Qb6 33. Rcxa5 Rxa5 34.
Rxa5 Qxb3 35. Qxb3 Rxb3 36. Ra8+ Kh7 37. Kg2 Rb7 38. h5 Rc7 39. g4 g6 40. Nh4
gxh5 41. gxh5 Kg7 42. Ra3 Rc4 43. Rg3+ Kf8 44. Rg4 Nc6 45. Nf3 Nb4 46. Rf4 Nd3
47. Rf6 Kg7 48. Kf1 Rc2 49. Nh2 Rc4 50. Nf3 Nb2 51. Rf4 Rc1+ 52. Kg2 Nd3 53.
Rf6 Rd1 54. Kg3 Nc1 55. Kg2 Ne2 56. Kh2 Nxd4 57. Nxd4 Rxd4 58. f4 Re4 59. Kg3
d4 60. Kf3 Re1 61. Kf2 Re3 0-1

[Event "BL 8889 Solingen-Bayern"]
[Site "?"]
[Date "1989.??.??"]
[Round "?.5"]
[White "Schlosser, P."]
[Black "Schulte, O."]
[Result "1/2-1/2"]
[WhiteElo "2385"]
[BlackElo "2430"]
[PlyCount "90"]
[EventDate "1989.??.??"]

1. d4 Nf6 2. Nf3 c5 3. d5 e6 4. c4 d6 5. Nc3 g6 6. dxe6 Bxe6 7. e4 Nc6 8. Bf4
Nh5 9. Bg5 Be7 10. Bh6 Bf8 11. Bg5 Be7 12. Be3 O-O 13. Be2 Ng7 14. Qd2 f5 15.
h4 Ne5 16. Ng5 f4 17. Bxf4 Nxc4 18. Bxc4 Bxc4 19. Nd5 Bxg5 20. hxg5 Ne8 21. Rc1
Bb5 22. b4 b6 23. bxc5 dxc5 24. Rc3 Bc6 25. Rd3 Bxd5 26. Rxd5 Qe7 27. f3 Rf7
28. O-O Nc7 29. Bxc7 Qxc7 30. e5 Re8 31. Re1 Rfe7 32. Re4 c4 33. Qc3 Rc8 34. e6
Qc6 35. Qf6 Rce8 36. Qd4 c3 37. Rd6 Qc7 38. Rd7 c2 39. Rxc7 Rxc7 40. Re1 c1=Q
41. Rxc1 Rxc1+ 42. Kh2 Rc7 43. Qd5 Rce7 44. f4 Rxe6 45. g4 Kf8 1/2-1/2

[Event "BL 8889 Solingen-Bayern"]
[Site "?"]
[Date "1989.??.??"]
[Round "?.6"]
[White "Zysk, R."]
[Black "Hecht, H."]
[Result "1/2-1/2"]
[WhiteElo "2395"]
[BlackElo "2430"]
[PlyCount "82"]
[EventDate "1989.??.??"]

1. d4 Nf6 2. Nf3 e6 3. c4 Bb4+ 4. Bd2 Qe7 5. g3 Nc6 6. Bg2 Bxd2+ 7. Nbxd2 d6 8.
Nf1 d5 9. Ne3 Qb4+ 10. Qd2 a5 11. Rc1 O-O 12. a3 Qxd2+ 13. Kxd2 Ne4+ 14. Ke1
Rd8 15. Rd1 Ra6 16. Ne5 Nf6 17. f4 Rb6 18. Rd2 h5 19. Kf2 Nxe5 20. dxe5 d4 21.
Ke1 Nh7 22. Nd1 f6 23. e3 fxe5 24. fxe5 d3 25. Nf2 Ng5 26. Nxd3 Nf7 27. Ke2 Bd7
28. c5 Rb3 29. c6 Bxc6 30. Bxc6 bxc6 31. Rc1 Rd5 32. Rcc2 Nxe5 33. Nxe5 Rxe5
34. Rxc6 Rbxe3+ 35. Kf2 Rb3 36. Rxc7 Rf5+ 37. Kg2 Rfb5 38. Rcc2 a4 39. Re2 e5
40. Kh3 Kh7 41. Re4 Rxb2 1/2-1/2

[Event "BL 8889 Solingen-Bayern"]
[Site "?"]
[Date "1989.??.??"]
[Round "?.7"]
[White "Stangl, M."]
[Black "Schneider, B1."]
[Result "1-0"]
[WhiteElo "2360"]
[BlackElo "2365"]
[PlyCount "37"]
[EventDate "1989.??.??"]

1. Nf3 g6 2. d4 Bg7 3. c4 d6 4. Nc3 e5 5. e4 exd4 6. Nxd4 Ne7 7. Be3 Nbc6 8. h4
h5 9. Qd2 O-O 10. O-O-O Nxd4 11. Bxd4 Bxd4 12. Qxd4 Nc6 13. Qe3 Be6 14. Be2 Ne5
15. c5 Qe7 16. f4 Ng4 17. Bxg4 Bxg4 18. Nd5 Qe6 19. f5 1-0

[Event "BL 8889 Solingen-Bayern"]
[Site "?"]
[Date "1989.??.??"]
[Round "?.8"]
[White "Dueball, J."]
[Black "Klundt, K."]
[Result "1/2-1/2"]
[WhiteElo "2445"]
[BlackElo "2410"]
[PlyCount "37"]
[EventDate "1989.??.??"]

1. c4 Nf6 2. Nc3 g6 3. e4 d6 4. d4 Bg7 5. Nf3 O-O 6. Be2 e5 7. dxe5 dxe5 8.
Qxd8 Rxd8 9. Bg5 c6 10. Nxe5 Re8 11. O-O-O Na6 12. f4 h6 13. Bxf6 Bxf6 14. Rd6
Bxe5 15. fxe5 Nc5 16. b4 Nd7 17. e6 Rxe6 18. Rxe6 fxe6 19. Rd1 1/2-1/2

[Event "BL 8889 Bielefeld-München 36"]
[Site "?"]
[Date "1989.??.??"]
[Round "?.1"]
[White "Smejkal, J."]
[Black "Keitlinghaus, L."]
[Result "1-0"]
[WhiteElo "2515"]
[BlackElo "2410"]
[PlyCount "125"]
[EventDate "1989.??.??"]

1. c4 c5 2. Nf3 Nf6 3. Nc3 b6 4. e4 d6 5. d4 cxd4 6. Nxd4 Bb7 7. Qe2 g6 8. g3
Bg7 9. Bg2 Nbd7 10. O-O O-O 11. Rd1 Re8 12. b3 a6 13. Bb2 Qb8 14. Nd5 e6 15.
Nxf6+ Bxf6 16. Rab1 Qc7 17. Qd2 Rad8 18. Ne2 Bxb2 19. Rxb2 Nf6 20. Qf4 Kg7 21.
Rbd2 e5 22. Qe3 b5 23. cxb5 axb5 24. Nc3 Bc6 25. a4 bxa4 26. bxa4 Ra8 27. Nb5
Bxb5 28. axb5 Reb8 29. Bf1 Rb6 30. Rb2 Nd7 31. Rc1 Nc5 32. Bc4 Ra5 33. Qe2 Qa7
34. h4 h5 35. Kh2 Ra3 36. Rcc2 Qa8 37. Bd5 Qa5 38. Ra2 Rxa2 39. Rxa2 Qxb5 40.
Qxb5 Rxb5 41. Ra7 Rb4 42. Rxf7+ Kh8 43. Rf6 Kg7 44. Rf7+ Kh8 45. f3 Rb2+ 46.
Kg1 Nd3 47. f4 Rb1+ 48. Kg2 Rb2+ 49. Kf3 Ne1+ 50. Ke3 Ng2+ 51. Kd3 exf4 52.
gxf4 Rf2 53. f5 gxf5 54. exf5 Nxh4 55. f6 Ng6 56. Ke3 Rf5 57. Be4 Rg5 58. Rg7
Rg3+ 59. Kd2 Rg4 60. Bxg6 Rf4 61. Rh7+ Kg8 62. f7+ Kf8 63. Rh8+ 1-0

[Event "BL 8889 Bielefeld-München 36"]
[Site "?"]
[Date "1989.??.??"]
[Round "?.2"]
[White "Marjanovic, S."]
[Black "Bastian, H."]
[Result "1/2-1/2"]
[WhiteElo "2485"]
[BlackElo "2315"]
[PlyCount "83"]
[EventDate "1989.??.??"]

1. e4 e5 2. Nf3 Nc6 3. Bb5 Nf6 4. O-O Nxe4 5. d4 Be7 6. Qe2 Nd6 7. Bxc6 bxc6 8.
dxe5 Nb7 9. Re1 O-O 10. Nc3 Nc5 11. Nd4 Ne6 12. Be3 Nxd4 13. Bxd4 c5 14. Be3 d5
15. exd6 Bxd6 16. Ne4 Bb7 17. Nxd6 cxd6 18. Rad1 Qf6 19. c4 Rae8 20. f3 Re6 21.
Qf2 Rfe8 22. b3 h6 23. Bd2 Qb2 24. Be3 Qc3 25. Qd2 Qxd2 26. Bxd2 Kf8 27. Kf2
Rxe1 28. Bxe1 Re6 29. h4 Ke7 30. Bc3 g6 31. h5 gxh5 32. Rh1 d5 33. cxd5 Ra6 34.
Rxh5 Rxa2+ 35. Kg3 Ra3 36. Bg7 Rxb3 37. d6+ Kxd6 38. Bf8+ Kd7 39. Rxc5 Rb6 40.
Rh5 Rg6+ 41. Kf2 a6 42. Bxh6 1/2-1/2

[Event "BL 8889 Bielefeld-München 36"]
[Site "?"]
[Date "1989.??.??"]
[Round "?.3"]
[White "Pichler, J."]
[Black "Pieper Emden, C."]
[Result "1-0"]
[WhiteElo "2325"]
[BlackElo "2345"]
[PlyCount "79"]
[EventDate "1989.??.??"]

1. d4 d5 2. Nf3 Nf6 3. Bg5 e6 4. Nbd2 c5 5. c3 Nc6 6. e3 Qb6 7. Qb3 Be7 8. Be2
h6 9. Bh4 O-O 10. Ne5 g5 11. Bg3 Nd7 12. f4 Ndxe5 13. fxe5 Qxb3 14. axb3 Bd7
15. O-O cxd4 16. exd4 f5 17. exf6 Rxf6 18. Bg4 Rxf1+ 19. Rxf1 Rc8 20. Nf3 a5
21. Re1 Nd8 22. h4 gxh4 23. Nxh4 Rc6 24. Ng6 Bd6 25. Bh4 Kg7 26. Ne5 Bxe5 27.
dxe5 Nf7 28. Bf6+ Kf8 29. Ra1 Ra6 30. Be2 b5 31. Kf2 Ra8 32. Ke3 a4 33. b4 Rc8
34. Kd4 Be8 35. Bd3 Nd8 36. Bxd8 Rxd8 37. Rf1+ Ke7 38. g4 Bd7 39. Rf6 Rg8 40.
Rg6 1-0

[Event "BL 8889 Bielefeld-München 36"]
[Site "?"]
[Date "1989.??.??"]
[Round "?.4"]
[White "Baumhus, R."]
[Black "Bartelborth, T."]
[Result "1-0"]
[WhiteElo "2335"]
[BlackElo "2210"]
[PlyCount "52"]
[EventDate "1989.??.??"]

1. e4 e6 2. d4 d5 3. e5 c5 4. Nf3 Nc6 5. Bd3 f6 6. c3 cxd4 7. cxd4 Bb4+ 8. Nc3
fxe5 9. Nxe5 Nf6 10. Bb5 O-O 11. O-O Nxe5 12. dxe5 Bxc3 13. bxc3 Ne4 14. Bd3
Qa5 15. Qc2 Bd7 16. a4 Rfc8 17. Bb2 h6 18. c4 Bc6 19. Rfd1 Nc5 20. cxd5 Bxd5
21. Bh7+ Kh8 22. Rxd5 exd5 23. Bf5 Rc6 24. e6 Nxe6 25. Qe2 d4 26. Qb5 Qc7 {
rest unavailable./45/} 1-0

[Event "BL 8889 Bielefeld-München 36"]
[Site "?"]
[Date "1989.??.??"]
[Round "?.5"]
[White "Goetz, R."]
[Black "Gruen, G."]
[Result "0-1"]
[WhiteElo "2275"]
[BlackElo "2380"]
[PlyCount "128"]
[EventDate "1989.??.??"]

1. e4 e5 2. Nf3 Nc6 3. Bb5 Nf6 4. d3 Bc5 5. c3 O-O 6. O-O d6 7. Be3 Bxe3 8.
fxe3 Ne7 9. Nbd2 c6 10. Ba4 Ng6 11. Bb3 d5 12. exd5 cxd5 13. Qe1 a5 14. d4 e4
15. Nh4 a4 16. Bc2 Nxh4 17. Qxh4 Ng4 18. Qxd8 Rxd8 19. Rfe1 b5 20. Bd1 Nf6 21.
Be2 Bg4 22. Bf1 Rdc8 23. Rec1 Bd7 24. h3 Ne8 25. Be2 Nd6 26. a3 Nc4 27. Nxc4
bxc4 28. Rc2 Rcb8 29. Rf1 Ra6 30. Rf2 Rab6 31. Bd1 g5 32. g4 Kg7 33. Rcd2 Kg6
34. Kg2 f5 35. gxf5+ Bxf5 36. Bxa4 h5 37. Bd1 Rf6 38. Kg3 h4+ 39. Kh2 Rbf8 40.
Ba4 g4 41. hxg4 Bxg4 42. Rxf6+ Kxf6 43. Rf2+ Bf3 44. Bd7 Rg8 45. Bh3 Ke7 46.
Rf1 Rg6 47. Rb1 Rb6 48. Bf1 Kd6 49. Kh3 Kc6 50. a4 Rb3 51. Kxh4 Kb6 52. Kg3 Ka5
53. Kf2 Rb8 54. Be2 Kxa4 55. Bxf3 Rf8 56. Ra1+ Kb3 57. Ra5 Rxf3+ 58. Ke2 Rf5
59. Rb5+ Kc2 60. Rb8 Rh5 61. Rb5 Rh2+ 62. Kf1 Kd3 63. Rxd5 Kxe3 64. Rb5 Kd2 0-1

[Event "BL 8889 Bielefeld-München 36"]
[Site "?"]
[Date "1989.??.??"]
[Round "?.6"]
[White "Peist, J."]
[Black "Koepf, U."]
[Result "1/2-1/2"]
[WhiteElo "2350"]
[BlackElo "2245"]
[PlyCount "81"]
[EventDate "1989.??.??"]

1. d4 Nf6 2. Nf3 b6 3. e3 Bb7 4. Bd3 g6 5. O-O Bg7 6. c4 d6 7. Nc3 Nbd7 8. e4
c5 9. d5 O-O 10. h3 e5 11. dxe6 fxe6 12. Bg5 Ne5 13. Nxe5 dxe5 14. Qe2 h6 15.
Be3 Nh5 16. g3 Nf4 17. Bxf4 exf4 18. Kh2 Be5 19. Qg4 Qf6 20. h4 Rad8 21. Rad1
h5 22. Qh3 Rd7 23. Kg1 Rfd8 24. Bc2 Rd4 25. Rxd4 cxd4 26. gxf4 Bxf4 27. Ne2 Bc8
28. Nxf4 Qxf4 29. Bd3 Kg7 30. Qg3 Qxg3+ 31. fxg3 e5 32. Rf2 Be6 33. Kf1 Rc8 34.
b3 Rf8 35. Rxf8 Kxf8 36. a3 Ke7 37. b4 Kd6 38. Ke2 a5 39. Kd2 axb4 40. axb4 Kc6
41. Kc2 1/2-1/2

[Event "BL 8990 Zehlendorf-Dortmund"]
[Site "?"]
[Date "1989.??.??"]
[Round "?.1"]
[White "Schmittdiel, E."]
[Black "Tal, M."]
[Result "1/2-1/2"]
[WhiteElo "2435"]
[BlackElo "2585"]
[PlyCount "101"]
[EventDate "1989.??.??"]

1. e4 d6 2. d4 g6 3. Nc3 Nf6 4. g3 Bg7 5. Bg2 O-O 6. Nge2 e5 7. h3 c6 8. O-O b5
9. a3 Nbd7 10. Be3 Re8 11. Qd2 Bb7 12. Rad1 a5 13. dxe5 dxe5 14. g4 Nf8 15.
Qxd8 Rexd8 16. Nc1 Ne6 17. Nb3 Nd7 18. Rd2 a4 19. Nc1 Nd4 20. Nb1 Nc5 21. Rfd1
Nce6 22. c3 c5 23. f3 Nc6 24. Rxd8+ Rxd8 25. Rd5 Ba6 26. Rxd8+ Ncxd8 27. Nd3 c4
28. Nb4 Bb7 29. Nd2 Nf4 30. Nf1 Nde6 31. Ng3 Bf8 32. Bf1 Ng5 33. Kf2 Ngxh3+ 34.
Bxh3 Nxh3+ 35. Kg2 Nf4+ 36. Bxf4 exf4 37. Ne2 Bc8 38. Nxf4 Bd6 39. Nfd5 Be6 40.
g5 Kg7 41. f4 h6 42. gxh6+ Kxh6 43. Kf3 Kg7 44. e5 Bc5 45. Nf6 Bc8 46. Ne8+ Kf8
47. Nc7 Bd7 48. Nbd5 Ba7 49. Na6 Bc8 50. Nab4 Bc5 51. Nc7 1/2-1/2

[Event "BL 8990 Zehlendorf-Dortmund"]
[Site "?"]
[Date "1989.??.??"]
[Round "?.2"]
[White "Hulak, K."]
[Black "Mainka, R."]
[Result "0-1"]
[WhiteElo "2550"]
[BlackElo "2450"]
[PlyCount "92"]
[EventDate "1989.??.??"]

1. d4 Nf6 2. c4 c5 3. d5 b5 4. cxb5 a6 5. bxa6 g6 6. Nc3 Bxa6 7. g3 d6 8. Bg2
Bg7 9. Nf3 Nbd7 10. O-O Nb6 11. Re1 O-O 12. Bf4 Nc4 13. Qc1 Qa5 14. Nd2 Nb6 15.
Qc2 c4 16. Red1 Rac8 17. Nf1 Bb7 18. Qd2 Na4 19. Be3 Nxc3 20. bxc3 e6 21. Bd4
Bxd5 22. Bxd5 Nxd5 23. Bxg7 Kxg7 24. Ne3 Qxc3 25. Nxd5 Qxd2 26. Rxd2 exd5 27.
Rxd5 Rc6 28. Rc1 Ra8 29. Rc2 Kf6 30. Kg2 Ke6 31. Rd4 Ra4 32. e3 d5 33. e4 dxe4
34. Rxe4+ Kd5 35. Re7 f5 36. Rxh7 c3 37. Kf3 Kc4 38. Rh4+ Kb5 39. Rh8 Rd4 40.
Rb8+ Kc4 41. Rb3 Kd3 42. Rc1 Kd2 43. Rbb1 c2 44. Ra1 Rb4 45. a4 Rc3+ 46. Kg2
Rcc4 0-1

[Event "BL 8990 Zehlendorf-Dortmund"]
[Site "?"]
[Date "1989.??.??"]
[Round "?.3"]
[White "Keitlinghaus, L."]
[Black "Wockenfuss, K."]
[Result "1/2-1/2"]
[WhiteElo "2405"]
[BlackElo "2405"]
[PlyCount "104"]
[EventDate "1989.??.??"]

1. Nf3 g6 2. e4 Bg7 3. d4 d6 4. c3 Nf6 5. Qc2 O-O 6. Be2 Nc6 7. O-O e5 8. dxe5
Nxe5 9. Nxe5 dxe5 10. Bg5 h6 11. Bh4 Qe7 12. Nd2 b6 13. a4 a5 14. Rfe1 Bb7 15.
Bf1 Qe6 16. Bc4 Qg4 17. Bg3 Rae8 18. Rad1 Qc8 19. Qb3 Nd7 20. Qa2 Nc5 21. b4
axb4 22. cxb4 Ne6 23. a5 bxa5 24. bxa5 Ba6 25. Rc1 Re7 26. Nf3 Nf4 27. Bxf4
exf4 28. e5 Kh7 29. Qd2 Bxc4 30. Rxc4 Rd8 31. Qxf4 Qa6 32. Rc5 Red7 33. h4 Bf8
34. Qc4 Ra8 35. Qg4 Rad8 36. Qc4 Ra8 37. Qa4 Re7 38. Rec1 Re6 39. Rxc7 Kg7 40.
Qf4 Re7 41. R1c6 Qb5 42. Qf6+ Kg8 43. Rc8 Re6 44. Qd8 Rxc8 45. Rxc8 Qb4 46. g3
Ra6 47. Ra8 Rxa8 48. Qxa8 Kg7 49. a6 Bc5 50. Qb7 Qc4 51. a7 Qe2 52. a8=Q Qxf2+
1/2-1/2

[Event "BL 8990 Zehlendorf-Dortmund"]
[Site "?"]
[Date "1989.??.??"]
[Round "?.4"]
[White "Cladouras, P."]
[Black "Stein, B."]
[Result "0-1"]
[WhiteElo "2425"]
[BlackElo "2380"]
[PlyCount "46"]
[EventDate "1989.??.??"]

1. e4 e5 2. Nf3 Nc6 3. Bb5 a6 4. Ba4 b5 5. Bb3 Na5 6. O-O d6 7. d4 Nxb3 8. axb3
exd4 9. Nxd4 Bb7 10. Re1 g6 11. Nc3 Bg7 12. Bf4 Nf6 13. Qd2 O-O 14. Bg5 Qd7 15.
Bxf6 Bxf6 16. Nd5 Bg7 17. c4 Rad8 18. cxb5 axb5 19. Ra7 c5 20. Nf5 gxf5 21.
exf5 Rfe8 22. f6 Qc6 23. Rxb7 Qxd5 0-1

[Event "BL 8990 Zehlendorf-Dortmund"]
[Site "?"]
[Date "1989.??.??"]
[Round "?.5"]
[White "Thesing, M."]
[Black "Loeffler, S."]
[Result "1-0"]
[WhiteElo "2370"]
[BlackElo "2305"]
[PlyCount "119"]
[EventDate "1989.??.??"]

1. d4 Nf6 2. Nf3 c5 3. d5 e6 4. Nc3 Nxd5 5. Nxd5 exd5 6. Qxd5 Be7 7. Bg5 Nc6 8.
Bxe7 Qxe7 9. a3 b6 10. O-O-O Bb7 11. Qg5 f6 12. Qg4 O-O-O 13. e3 h5 14. Qa4 d5
15. Bb5 Qe6 16. Rhe1 Kb8 17. Rd2 Ne5 18. Nxe5 Qxe5 19. g3 h4 20. Bc6 hxg3 21.
hxg3 Bxc6 22. Qxc6 Rd6 23. Qa4 d4 24. Red1 Rhd8 25. exd4 cxd4 26. Qb3 Rc8 27.
Kb1 Rd5 28. Qf3 Rc4 29. Re2 Qd6 30. Re8+ Kb7 31. Rd3 Qc6 32. Re7+ Ka6 33. Re2
Qd6 34. Red2 Rb5 35. Rb3 Qe5 36. Qd3 Qc5 37. Rxb5 Qxb5 38. b3 Rc3 39. Qxb5+
Kxb5 40. Rxd4 Rf3 41. Rf4 Rxf4 42. gxf4 Kc5 43. Kb2 Kd5 44. b4 Ke4 45. Kc3 Kxf4
46. Kd4 b5 47. Kc5 a6 48. c4 Kf3 49. cxb5 axb5 50. Kxb5 g5 51. Kc4 Kxf2 52. b5
g4 53. b6 g3 54. b7 g2 55. b8=Q g1=Q 56. Qb6+ Kg2 57. Qxg1+ Kxg1 58. Kd3 Kf2
59. Ke4 f5+ 60. Kf4 1-0

[Event "BL 8990 Zehlendorf-Dortmund"]
[Site "?"]
[Date "1989.??.??"]
[Round "?.6"]
[White "Vogel, R."]
[Black "Finegold, B."]
[Result "0-1"]
[WhiteElo "2320"]
[BlackElo "2375"]
[PlyCount "68"]
[EventDate "1989.??.??"]

1. d4 d5 2. c4 e5 3. dxe5 d4 4. Nf3 Nc6 5. g3 Be6 6. Nbd2 Qd7 7. Bg2 O-O-O 8.
O-O h5 9. h4 Nh6 10. b4 Ng4 11. Qa4 Kb8 12. Bb2 Nxb4 13. Qb3 c5 14. Ba3 Qc7 15.
Bxb4 cxb4 16. a3 bxa3 17. Rfb1 Bf5 18. Rc1 Bc5 19. Qb5 a6 20. Qa4 Rhe8 21. Nb3
Bd7 22. Qa5 Qxa5 23. Nxa5 Bb4 24. Nb3 Bc3 25. Ra2 Be6 26. Nbd2 Bb2 27. Rc2 Bf5
28. Rcxb2 axb2 29. Rxb2 Bc8 30. Nb3 Nxe5 31. Na5 Ka7 32. Nxe5 Rxe5 33. Nxb7 Rd7
34. f4 Rf5 0-1

[Event "BL 8990 Zehlendorf-Dortmund"]
[Site "?"]
[Date "1989.??.??"]
[Round "?.8"]
[White "Von Herman, U."]
[Black "Mainka, G."]
[Result "0-1"]
[WhiteElo "2245"]
[BlackElo "2345"]
[PlyCount "71"]
[EventDate "1989.??.??"]

1. d4 d5 2. c4 dxc4 3. Nf3 a6 4. e3 Nf6 5. Bxc4 b5 6. Bd3 Bb7 7. a4 b4 8. Nbd2
Nbd7 9. e4 Nc5 10. Qe2 Nxd3+ 11. Qxd3 e6 12. e5 Nd7 13. Ne4 c5 14. Bg5 Qb8 15.
Rd1 c4 16. Qe2 Bd5 17. Ng3 h6 18. Bc1 Qb7 19. h4 a5 20. Nh5 Nb6 21. Rh3 c3 22.
Nh2 cxb2 23. Bxb2 Nxa4 24. Rc1 Nxb2 25. Qxb2 b3 26. Nf4 a4 27. Nxd5 Qxd5 28.
Kf1 Bb4 29. Rf3 O-O 30. Ng4 Kh8 31. Qe2 Rac8 32. Rd1 Rc2 33. Qe3 Qc4+ 34. Kg1
Qe2 35. Qf4 Qxd1+ 36. Kh2 0-1

[Event "BL 8990 Lasker-Solingen"]
[Site "?"]
[Date "1989.??.??"]
[Round "?.3"]
[White "Lobron, E."]
[Black "Muse, M."]
[Result "1-0"]
[WhiteElo "2585"]
[BlackElo "2415"]
[PlyCount "97"]
[EventDate "1989.??.??"]

1. Nf3 Nf6 2. c4 g6 3. Nc3 d5 4. cxd5 Nxd5 5. Qa4+ c6 6. Qd4 Rg8 7. e3 Bg7 8.
Qa4 Nb6 9. Qa5 h6 10. Be2 Be6 11. O-O N8d7 12. d4 Nd5 13. Qa3 f5 14. Bd3 g5 15.
Nxd5 cxd5 16. Bd2 Kf7 17. Rfc1 Bf6 18. Ba5 b6 19. Bd2 g4 20. Ne1 Rg5 21. Ba6
Rh5 22. Nd3 Bg5 23. Rc6 Nf8 24. Ne5+ Kg8 25. Rac1 Bf6 26. Nd3 Bd7 27. Rxf6 exf6
28. Nf4 Rg5 29. Bb7 Rb8 30. Qxa7 Rg7 31. Bxd5+ Kh8 32. Qa3 Qe8 33. Qd6 Nh7 34.
Rc7 Ra8 35. Qxb6 Rb8 36. Rb7 Rxb7 37. Qxb7 Be6 38. Qc6 Qxc6 39. Bxc6 Bxa2 40.
d5 Nf8 41. Bb4 Nd7 42. Ne6 Rf7 43. Nd4 f4 44. exf4 Nb6 45. d6 Nd5 46. Bd2 Nb6
47. b3 Ra7 48. h3 Kg7 49. hxg4 1-0

[Event "BL 8990 Lasker-Solingen"]
[Site "?"]
[Date "1989.??.??"]
[Round "?.4"]
[White "Lehmann, K."]
[Black "Lau, R."]
[Result "0-1"]
[WhiteElo "2305"]
[BlackElo "2470"]
[PlyCount "86"]
[EventDate "1989.??.??"]

1. e4 g6 2. d4 Bg7 3. Nf3 c6 4. Nc3 Nf6 5. e5 Nd5 6. Nxd5 cxd5 7. c3 d6 8. Bf4
dxe5 9. Bxe5 O-O 10. Bxg7 Kxg7 11. Be2 Bg4 12. Ne5 Bxe2 13. Qxe2 a6 14. O-O Nd7
15. Rfe1 Nf6 16. Ng4 Nxg4 17. Qxg4 Rc8 18. Re3 a5 19. a3 Rc4 20. Rae1 Re8 21.
Qf4 e6 22. Rh3 h5 23. Rf3 Qe7 24. h3 b5 25. Qe5+ f6 26. Qe2 b4 27. axb4 axb4
28. Re3 bxc3 29. bxc3 Kf7 30. Rb1 Qc7 31. Rb3 Ra4 32. g3 Re7 33. Kg2 Qa7 34.
Rf3 Kg7 35. Qd2 Ra1 36. Qd3 Qa4 37. Rb8 Rd1 38. Qe2 Qa1 39. Re3 Rg1+ 40. Kf3 e5
41. Rb6 e4+ 42. Kf4 Qa7 43. Rd6 Qc7 0-1

[Event "BL 8990 Lasker-Solingen"]
[Site "?"]
[Date "1989.??.??"]
[Round "?.5"]
[White "Schneider, B1."]
[Black "Junge, R."]
[Result "1/2-1/2"]
[WhiteElo "2475"]
[BlackElo "2360"]
[PlyCount "66"]
[EventDate "1989.??.??"]

1. c4 Nf6 2. Nc3 d5 3. cxd5 Nxd5 4. g3 g6 5. Bg2 Nxc3 6. bxc3 Bg7 7. Rb1 Nd7 8.
Nf3 Nb6 9. Ng5 Bd7 10. Qb3 O-O 11. Bxb7 Rb8 12. Bg2 Ba4 13. Qb2 e6 14. Nf3 Nc4
15. Qxb8 Qxb8 16. Rxb8 Rxb8 17. O-O Rb1 18. d3 Nd6 19. c4 Ra1 20. a3 Ra2 21.
Be3 a6 22. Rb1 Bb2 23. Bd4 Bxd4 24. Nxd4 e5 25. Nc6 e4 26. Nb4 Rxe2 27. c5 Nb5
28. dxe4 a5 29. Nd5 Rc2 30. c6 Kg7 31. Bf1 Nc3 32. Nxc3 Rxc3 33. Bb5 Rxa3
1/2-1/2

[Event "BL 8990 Lasker-Solingen"]
[Site "?"]
[Date "1989.??.??"]
[Round "?.6"]
[White "Maxion, D."]
[Black "Reeh, O."]
[Result "1/2-1/2"]
[WhiteElo "2210"]
[BlackElo "2430"]
[PlyCount "82"]
[EventDate "1989.??.??"]

1. e4 c5 2. Nf3 d6 3. d4 cxd4 4. Nxd4 Nf6 5. Nc3 Nc6 6. Bg5 e6 7. Qd2 Be7 8.
O-O-O O-O 9. Nb3 Qb6 10. f3 Rd8 11. Kb1 d5 12. Bxf6 Bxf6 13. exd5 Bxc3 14. Qxc3
Nb4 15. d6 Rxd6 16. Bc4 Qd8 17. Be2 Nc6 18. Qc5 Rd5 19. Rxd5 Qxd5 20. Qxd5 exd5
21. Rd1 Be6 22. Nd4 Nxd4 23. Rxd4 Rc8 24. c3 h5 25. Kc2 g6 26. Kd2 b6 27. Bd1
Kf8 28. Bb3 Rc5 29. a3 Rb5 30. Rb4 Rxb4 31. cxb4 Ke7 32. Kd3 g5 33. Kd4 Kd6 34.
g3 h4 35. Bc2 hxg3 36. hxg3 f6 37. Bd3 Bd7 38. b3 Be6 39. Bc2 Bd7 40. Bg6 Be6
41. Bd3 Bd7 1/2-1/2

[Event "BL 8990 Lasker-Solingen"]
[Site "?"]
[Date "1989.??.??"]
[Round "?.7"]
[White "Zysk, R."]
[Black "Meier, V."]
[Result "1-0"]
[WhiteElo "2450"]
[BlackElo "2240"]
[PlyCount "59"]
[EventDate "1989.??.??"]

1. Nf3 Nf6 2. c4 e6 3. g3 b6 4. Bg2 Bb7 5. O-O Be7 6. b3 c5 7. Bb2 O-O 8. Nc3
d6 9. e3 a6 10. d4 cxd4 11. exd4 Nbd7 12. d5 e5 13. Ne1 Ne8 14. Nc2 f5 15. f4
b5 16. cxb5 Qb6+ 17. Kh1 axb5 18. Nb4 g6 19. Qe2 Nc7 20. g4 fxg4 21. Nc6 Bf6
22. Qxg4 Nc5 23. fxe5 dxe5 24. Ne4 Nxd5 25. Nxc5 Bxc6 26. Nd7 Qb7 27. Nxf6+ Kg7
28. Nh5+ Kh6 29. Bc1+ Nf4 30. Nxf4 1-0

[Event "BL 8990 Lasker-Solingen"]
[Site "?"]
[Date "1989.??.??"]
[Round "?.8"]
[White "Paulsen, D."]
[Black "Podzielny, K."]
[Result "1/2-1/2"]
[WhiteElo "2295"]
[BlackElo "2430"]
[PlyCount "80"]
[EventDate "1989.??.??"]

1. d4 d5 2. c4 dxc4 3. e4 Nf6 4. Nc3 e5 5. Nf3 exd4 6. Qxd4 Qxd4 7. Nxd4 a6 8.
Bxc4 Bc5 9. Nc2 b5 10. Bb3 Bb7 11. f3 Nbd7 12. Be3 Bd6 13. Nd4 g6 14. O-O-O O-O
15. Nde2 Rfe8 16. Nf4 Nc5 17. Bd5 Bxf4 18. Bxf4 c6 19. Bb3 Nxb3+ 20. axb3 Bc8
21. Bg5 Nd7 22. Rd6 Nc5 23. b4 Ne6 24. Bf6 a5 25. bxa5 b4 26. Na4 Rxa5 27. b3
c5 28. Nb6 Nd4 29. Bxd4 cxd4 30. Kb2 Be6 31. Rxd4 Rb5 32. Nc4 Rc5 33. Nd6 Rb8
34. Ra1 h5 35. Ra4 h4 36. Raxb4 Rxb4 37. Rxb4 Rg5 38. Rb8+ Kh7 39. g4 hxg3 40.
hxg3 Rxg3 1/2-1/2

[Event "BL 8990 Dortmund-Lasker"]
[Site "?"]
[Date "1989.??.??"]
[Round "?.1"]
[White "Brunner, L."]
[Black "Schmittdiel, E."]
[Result "1/2-1/2"]
[WhiteElo "2505"]
[BlackElo "2435"]
[PlyCount "86"]
[EventDate "1989.??.??"]

1. e4 c5 2. Nf3 e6 3. d4 cxd4 4. Nxd4 Nf6 5. Nc3 Nc6 6. Nxc6 bxc6 7. e5 Nd5 8.
Ne4 Qc7 9. f4 Qb6 10. c4 Bb4+ 11. Ke2 Ba6 12. Kf3 f5 13. exf6 Nxf6 14. c5 Qa5
15. Nxf6+ gxf6 16. Bxa6 Qxa6 17. Qd4 Qb5 18. Be3 Rf8 19. Rhd1 Rf7 20. Rac1 Ba5
21. Rd3 e5 22. Qc4 Qxc4 23. Rxc4 Rb8 24. Ra4 Bd8 25. b3 a5 26. f5 Rg7 27. Rc3
Rb5 28. Rcc4 Be7 29. b4 axb4 30. Rcxb4 Rxb4 31. Rxb4 d5 32. cxd6 Bxd6 33. Rb2
e4+ 34. Kxe4 Bxh2 35. Kf3 Rg3+ 36. Kf2 Rg4 37. Rb7 Ra4 38. Ra7 Re4 39. Ra8+ Kf7
40. Kf3 Re5 41. Ra7+ Kg8 42. Ra8+ Kf7 43. g4 h5 1/2-1/2